[Event "2. Open Patrimonio de la Humanidad"]
[Site "Alcalá de Henares ESP"]
[Date "2007.10.14"]
[Round "9.46"]
[White "Sierra Soria, Maria"]
[Black "Cobelas Rodriguez, Pilar"]
[Result "0-1"]
[WhiteElo "1660"]
[BlackElo "1922"]
[PlyCount "146"]
[EventDate "2007.10.07"]
[EventType "swiss"]
[EventRounds "9"]
[EventCountry "ESP"]
[Source "lmi"]
[SourceDate "2007.10.07"]

1. c4 c5 2. Nc3 Nc6 3. Nf3 g6 4. g3 Bg7 5. Bg2 d6 6. O-O Nf6 7. d4 cxd4 8. Nxd4
Nxd4 9. Qxd4 O-O 10. Qd3 Nd7 11. Bf4 Ne5 12. Bxe5 Bxe5 13. Rac1 Rb8 14. Rfd1
Be6 15. Rb1 Qa5 16. a3 Rfc8 17. Nd5 Kf8 18. Rdc1 b5 19. cxb5 Rxc1+ 20. Rxc1
Bxb2 21. Rb1 Qxa3 22. Qxa3 Bxa3 23. Nc7 Bc4 24. e3 Bc5 25. Bc6 Bb6 26. Na6 Rd8
27. Rc1 Be6 28. Kf1 h5 29. Ke2 Kg7 30. e4 h4 31. Nb4 hxg3 32. hxg3 Rh8 33. Nd3
Bg4+ 34. Kd2 Rh2 35. Ke1 Rh1+ 36. Kd2 Rxc1 37. Kxc1 Be2 38. Nf4 Bc4 39. f3 Bf2
40. Nd5 Bxd5 41. Bxd5 Bxg3 42. Kd2 Bf4+ 43. Kd3 e6 44. Bc6 Kf6 45. Kd4 Be5+ 46.
Ke3 g5 47. Kd3 Ba1 48. Be8 Ke7 49. Bc6 Kd8 50. Ke2 Kc7 51. Be8 f6 52. Kf2 Kb6
53. Ke3 Bb2 54. Kd3 Kc5 55. Kc2 Be5 56. Kd3 Bf4 57. Bd7 d5 58. Be8 dxe4+ 59.
Kxe4 f5+ 60. Kd3 Kd5 61. Bc6+ Ke5 62. Bd7 Kf6 63. Kd4 Bh2 64. Kd3 Ke7 65. Bc6
Kd6 66. Be8 g4 67. fxg4 fxg4 68. Ke3 Ke5 69. Bg6 Bg3 70. Ke2 Kf4 71. Kf1 Bh4
72. Kg2 e5 73. Bd3 e4 0-1

[Event "2. Open Patrimonio de la Humanidad"]
[Site "Alcalá de Henares ESP"]
[Date "2007.10.14"]
[Round "9.47"]
[White "Hernandez Del Can, Jose"]
[Black "Rollano Carcajona, Ruben"]
[Result "1-0"]
[WhiteElo "1914"]
[BlackElo "1716"]
[PlyCount "77"]
[EventDate "2007.10.07"]
[EventType "swiss"]
[EventRounds "9"]
[EventCountry "ESP"]
[Source "lmi"]
[SourceDate "2007.10.07"]

1. c4 Nf6 2. Nc3 g6 3. Nf3 Bg7 4. d4 O-O 5. g3 b6 6. Bg2 Bb7 7. O-O d6 8. Bg5
h6 9. Bd2 Nbd7 10. Rb1 Re8 11. d5 Nc5 12. Qc2 Bc8 13. e4 Bg4 14. b4 Ncd7 15.
Nd4 Ne5 16. f3 Bc8 17. Nce2 Bb7 18. c5 bxc5 19. bxc5 dxc5 20. Rxb7 cxd4 21.
Nxd4 Ned7 22. Nc6 Qc8 23. Rfb1 Nb6 24. Rxa7 Rxa7 25. Nxa7 Qd7 26. Bf4 Ra8 27.
Nb5 Rc8 28. Qc6 Qxc6 29. dxc6 Ra8 30. Nxc7 Rxa2 31. Rxb6 Nxe4 32. Rb8+ Kh7 33.
fxe4 Bd4+ 34. Kf1 Rf2+ 35. Ke1 Rxg2 36. Nd5 g5 37. c7 gxf4 38. c8=Q f3 39. Qg8#
1-0

[Event "2. Open Patrimonio de la Humanidad"]
[Site "Alcalá de Henares ESP"]
[Date "2007.10.14"]
[Round "9.54"]
[White "Lopez Martinez, Antonio"]
[Black "Martinez Miura, Enrique"]
[Result "0-1"]
[WhiteElo "1896"]
[BlackElo "1809"]
[PlyCount "88"]
[EventDate "2007.10.07"]
[EventType "swiss"]
[EventRounds "9"]
[EventCountry "ESP"]
[Source "lmi"]
[SourceDate "2007.10.07"]

1. e4 e6 2. d4 d5 3. e5 c5 4. Bb5+ Nc6 5. Bxc6+ bxc6 6. c3 cxd4 7. cxd4 Bb4+ 8.
Nc3 Ne7 9. a3 Bxc3+ 10. bxc3 Rb8 11. Qa4 Qb6 12. f4 a5 13. Nf3 Ba6 14. Kf2 O-O
15. Qc2 Rfc8 16. Bd2 Qb5 17. Rhe1 Qc4 18. Rab1 c5 19. Be3 Nf5 20. Nd2 Qd3 21.
Qxd3 Bxd3 22. Rxb8 Rxb8 23. dxc5 Nxe3 24. Kxe3 Bg6 25. Kd4 Kf8 26. h3 Rb2 27.
Re2 Ke8 28. g4 Kd7 29. Rf2 f5 30. Ne4 Rb1 31. Nd6 fxg4 32. hxg4 Rd1+ 33. Ke3
Rd3+ 34. Ke2 Rxc3 35. f5 exf5 36. gxf5 Bh5+ 37. Kd2 Rxa3 38. e6+ Ke7 39. Nc8+
Kd8 40. Nb6 Ra2+ 41. Ke3 d4+ 42. Kxd4 Rxf2 43. Ke5 Bg4 44. Kd6 Rd2+ 0-1

[Event "2. Open Patrimonio de la Humanidad"]
[Site "Alcalá de Henares ESP"]
[Date "2007.10.14"]
[Round "9.58"]
[White "Kalinovsky, Martin"]
[Black "Benito Mellado, Humberto"]
[Result "0-1"]
[WhiteElo "1597"]
[BlackElo "1635"]
[PlyCount "78"]
[EventDate "2007.10.07"]
[EventType "swiss"]
[EventRounds "9"]
[EventCountry "ESP"]
[Source "lmi"]
[SourceDate "2007.10.07"]

1. e4 e6 2. d3 d5 3. Nd2 d4 4. Ngf3 Nc6 5. e5 b6 6. g3 Bb7 7. Ne4 Nge7 8. Bg5
h6 9. Bh4 Qd5 10. Bf6 O-O-O 11. Bxe7 Bxe7 12. Bg2 Nxe5 13. Nxe5 Qxe5 14. Qf3 f5
15. Qe2 fxe4 16. f4 Qa5+ 17. Kf1 e3 18. Bxb7+ Kxb7 19. Kg2 Qd5+ 20. Kg1 Rhf8
21. Qg2 Qxg2+ 22. Kxg2 Bb4 23. a3 Bd2 24. Rad1 Rde8 25. Rhf1 e2 26. Rxd2
exf1=Q+ 27. Kxf1 e5 28. Kg2 c5 29. Rf2 exf4 30. gxf4 Rf6 31. Kh3 Ref8 32. Kg3
g5 33. f5 Rxf5 34. Re2 Rf3+ 35. Kg2 Re3 36. Rd2 h5 37. Kg1 h4 38. Kg2 h3+ 39.
Kg1 Re1# 0-1

[Event "2. Open Patrimonio de la Humanidad"]
[Site "Alcalá de Henares ESP"]
[Date "2007.10.14"]
[Round "9.64"]
[White "Perez Herrero, Angel"]
[Black "Garcia-Sanchez Navarro, Mariano"]
[Result "0-1"]
[WhiteElo "1723"]
[BlackElo "1577"]
[PlyCount "82"]
[EventDate "2007.10.07"]
[EventType "swiss"]
[EventRounds "9"]
[EventCountry "ESP"]
[Source "lmi"]
[SourceDate "2007.10.07"]

1. e4 e5 2. Nf3 Nc6 3. Bc4 Nf6 4. Ng5 d5 5. exd5 Na5 6. d3 h6 7. Ne4 Nxe4 8.
Bb5+ c6 9. dxc6 bxc6 10. Bxc6+ Nxc6 11. dxe4 Qxd1+ 12. Kxd1 Nd4 13. h3 Bc5 14.
f4 Ba6 15. Nc3 O-O 16. f5 Rad8 17. Bd2 Bb4 18. Re1 Bxc3 19. bxc3 Nb5 20. c4
Nc3+ 21. Kc1 Na4 22. c5 Rfe8 23. Bb4 Rc8 24. Re3 Nxc5 25. Bxc5 Rxc5 26. Rb1 Rd8
27. g4 Bd3 28. Rb2 Rc4 29. Re1 Rxe4 30. Rxe4 Bxe4 31. c3 Rd3 32. Re2 Rxc3+ 33.
Kd2 Rc2+ 34. Ke3 Rxe2+ 35. Kxe2 Bg2 36. h4 Kf8 37. Ke3 Bc6 38. Kd3 e4+ 39. Kd4
f6 40. Ke3 Ke7 41. a4 Kd6 0-1